[Event "Heart of Finland op 33rd"]
[Site "Jyvaskyla"]
[Date "2025.07.18"]
[Round "7"]
[White "Kuznecova, Marija"]
[Black "Koykka, Pekka"]
[Result "1-0"]
[WhiteElo "2129"]
[BlackElo "2359"]
[PlyCount "115"]
[EventDate "2025.07.14"]
[EventType "swiss"]
[EventRounds "9"]
[EventCountry "FIN"]
[SourceTitle "CB30_2025"]
[SourceDate "2025.07.23"]
[SourceVersion "1"]
[SourceVersionDate "2025.07.23"]
[SourceQuality "1"]

1. e4 d6 2. d4 Nf6 3. Nc3 e5 4. Nf3 Nbd7 5. Rg1 c6 6. g4 g6 7. g5 Nh5 8. Bh3 Bg7 9. Bg4 Qb6 10. Ne2 exd4 11. Bxh5 gxh5 12. Ng3 Rg8 13. Nf5 c5 14. N3h4 Bf8 15. Qxh5 Nf6 16. Qf3 Be6 17. Rg3 Nd7 18. Qh5 Rh8 19. b3 Qc6 20. Qe2 0-0-0 21. c3 d5 22. cxd4 dxe4 23. Bb2 Rg8 24. Rc1 Kb8 25. Kf1 Bxf5 26. Nxf5 Qe6 27. Qg4 Ka8 28. Qf4 cxd4 29. Bxd4 Ba3 30. Re1 Nc5 31. Bxc5 Bxc5 32. Qxe4 Rd2 33. Rg2 Qxe4 34. Rxe4 Rxa2 35. Nh6 Rf8 36. Ng4 a5 37. Rg3 Rb2 38. Rf3 Rd8 39. Re5 Bb4 40. Nh6 Rd1+ 41. Kg2 Rdb1 42. Ree3 Bd2 43. Rd3 Bxg5 44. Nxf7 Be7 45. Ne5 Ka7 46. Nc4 Ra2 47. Rd7 Bc5 48. Rf5 Rxf2+ 49. Rxf2 Bxf2 50. Nd2 Rd1 51. Kxf2 h5 52. Rd5 b5 53. Ke2 Rh1 54. Rxh5 a4 55. bxa4 bxa4 56. Nf1 Kb6 57. Kf2 a3 58. Rh3 1-0

[Event "Heart of Finland op 33rd"]
[Site "Jyvaskyla"]
[Date "2025.07.17"]
[Round "6"]
[White "Binham, Timothy F"]
[Black "Kuznecova, Marija"]
[Result "1/2-1/2"]
[WhiteElo "2253"]
[BlackElo "2129"]
[PlyCount "39"]
[EventDate "2025.07.14"]
[EventType "swiss"]
[EventRounds "9"]
[EventCountry "FIN"]
[SourceTitle "CB30_2025"]
[SourceDate "2025.07.23"]
[SourceVersion "1"]
[SourceVersionDate "2025.07.23"]
[SourceQuality "1"]

1. e4 c5 2. Nf3 Nc6 3. Bb5 g6 4. 0-0 Bg7 5. Re1 e5 6. b4 Nxb4 7. Bb2 a6 8. a3 axb5 9. axb4 Rxa1 10. Bxa1 d6 11. bxc5 Ne7 12. d4 dxc5 13. dxc5 Qc7 14. Qd6 Qxd6 15. cxd6 Nc6 16. Na3 b4 17. Nc4 f6 18. Nb6 Be6 19. c4 bxc3 20. Bxc3 1/2-1/2

[Event "Cesis 4th"]
[Site "Cesis"]
[Date "2025.06.17"]
[Round "6"]
[White "Kazakouski, Valery"]
[Black "Kuznecova, Marija"]
[Result "1-0"]
[WhiteElo "2585"]
[BlackElo "2164"]
[PlyCount "79"]
[EventDate "2025.06.16"]
[EventType "swiss"]
[EventRounds "8"]
[EventCountry "LAT"]
[SourceTitle "CB26_2025"]
[SourceDate "2025.06.25"]
[SourceVersion "1"]
[SourceVersionDate "2025.06.25"]
[SourceQuality "1"]

1. d4 d5 2. c4 c6 3. Nf3 Nf6 4. e3 Bf5 5. Nc3 e6 6. Nh4 dxc4 7. Nxf5 exf5 8. Bxc4 b5 9. Bd3 g6 10. Bd2 a6 11. Qf3 Be7 12. h3 Qd7 13. 0-0 0-0 14. Rfd1 Rd8 15. Rac1 Qe6 16. Bc2 Bb4 17. Bb3 Qe7 18. a3 Bd6 19. g4 fxg4 20. hxg4 b4 21. axb4 Bxb4 22. g5 Nh5 23. Ne4 Bxd2 24. Rxd2 Kg7 25. Rc5 Rf8 26. Qg2 Nd7 27. Rxc6 Rfe8 28. Rc7 Rad8 29. Nc5 Qd6 30. Rxd7 Rxd7 31. Nxd7 Qxd7 32. Bd1 Qb5 33. Be2 Qa5 34. Rc2 Rb8 35. Kh2 Qe1 36. Bxh5 gxh5 37. Qf3 Qb1 38. Rc7 Qg6 39. Qf4 Rb5 40. Rc5 1-0

[Event "Kuressaare Saaremaa Rapid op"]
[Site "Kuressaare"]
[Date "2025.05.31"]
[Round "3"]
[White "Kuznecova, Marija"]
[Black "Larkin, Vladislav"]
[Result "0-1"]
[WhiteElo "2164"]
[BlackElo "2450"]
[PlyCount "77"]
[EventDate "2025.05.31"]
[EventType "swiss (rapid)"]
[EventRounds "11"]
[EventCountry "EST"]
[SourceTitle "CB28_2025"]
[SourceDate "2025.07.09"]
[SourceVersion "1"]
[SourceVersionDate "2025.07.09"]
[SourceQuality "1"]

1. e4 d6 2. d4 Nf6 3. Nc3 c6 4. f4 Qa5 5. Bd3 e5 6. Nf3 exd4 7. Nxd4 Qb6 8. Be2 Be7 9. Bf3 0-0 10. 0-0 Rd8 11. a3 d5 12. exd5 cxd5 13. Be3 Nc6 14. b4 Ne4 15. Na4 Qa6 16. c4 Nxd4 17. Bxd4 dxc4 18. Bxe4 Bf6 19. Bxh7+ Kh8 20. Bc2 Bxd4+ 21. Kh1 Kg8 22. Rb1 Qf6 23. Qf3 Bd7 24. Nc5 Bxc5 25. bxc5 Bc6 26. Be4 Rd3 27. Bxc6 Rxf3 28. Bxf3 Rc8 29. Bxb7 Rxc5 30. Be4 g6 31. f5 gxf5 32. Bc2 c3 33. h3 f4 34. Rb8+ Kg7 35. Rb7 Qd4 36. Bb3 Rf5 37. Rd1 Qe4 38. Rc7 f3 39. Bc2 0-1

[Event "Titled Tuesday intern op 14th Jan Early"]
[Site "Chess.com INT"]
[Date "2025.01.14"]
[Round "1"]
[White "Bardyk, Artem"]
[Black "Kuznecova, Marija"]
[Result "1-0"]
[WhiteElo "2249"]
[BlackElo "2137"]
[PlyCount "115"]
[EventDate "2025.01.14"]
[EventType "swiss (blitz)"]
[EventRounds "11"]
[EventCountry "USA"]
[SourceTitle "CB04_2025"]
[SourceDate "2025.01.22"]
[SourceVersion "1"]
[SourceVersionDate "2025.01.22"]
[SourceQuality "1"]

1. e4 c5 2. Nf3 d6 3. Nc3 Nf6 4. d4 cxd4 5. Qxd4 Nc6 6. Qd3 g6 7. e5 dxe5 8. Qxd8+ Kxd8 9. Bc4 Ke8 10. Nb5 Rb8 11. Be3 a6 12. Nc7+ Kd7 13. Nd5 Nxd5 14. Bxd5 Bg7 15. 0-0-0 Kc7 16. Bc5 Bg4 17. Bxc6 Kxc6 18. Bxe7 Rhe8 19. Ba3 Rbd8 20. h3 Bf5 21. Rxd8 Rxd8 22. Re1 e4 23. Nd2 Bh6 24. Bb4 b6 25. g4 Be6 26. Rxe4 a5 27. Bc3 b5 28. a3 a4 29. f4 Bd5 30. Rd4 Bf8 31. Rd3 Bd6 32. Be5 Bxe5 33. fxe5 Re8 34. Nf3 Bxf3 35. Rxf3 Rxe5 36. Rxf7 h5 37. Rf6+ Kc5 38. Rxg6 hxg4 39. Rxg4 Re2 40. Rg5+ Kb6 41. h4 Rh2 42. h5 Ka5 43. Kb1 Kb6 44. Rg6+ Kc5 45. h6 Kd5 46. Ka2 Kc5 47. Rf6 Kd5 48. Rg6 Kc5 49. c3 Kd5 50. Kb1 Kc5 51. Kc1 Kd5 52. Kd1 Rxb2 53. Rg5+ Kc4 54. Rh5 Rb1+ 55. Kc2 Rg1 56. h7 Rg2+ 57. Kd1 Kd3 58. Rh3+ 1-0

[Event "Titled Tuesday intern op 07th Jan Early"]
[Site "Chess.com INT"]
[Date "2025.01.07"]
[Round "3"]
[White "Ghoreishi Amiri, Seyed Kian"]
[Black "Kuznecova, Marija"]
[Result "1-0"]
[WhiteElo "2020"]
[BlackElo "2137"]
[PlyCount "51"]
[EventDate "2025.01.07"]
[EventType "swiss (blitz)"]
[EventRounds "11"]
[EventCountry "USA"]
[SourceTitle "CB03_2025"]
[SourceDate "2025.01.15"]
[SourceVersion "1"]
[SourceVersionDate "2025.01.15"]
[SourceQuality "1"]

1. d4 Nf6 2. c4 c5 3. d5 b5 4. cxb5 a6 5. bxa6 g6 6. Nc3 Bg7 7. e4 Rg8 8. e5 Nh5 9. g4 Bxe5 10. gxh5 Qa5 11. Nf3 Bxc3+ 12. bxc3 Qxc3+ 13. Bd2 Qf6 14. a7 Rxa7 15. Rb1 Na6 16. hxg6 Qxg6 17. Be3 Qe4 18. Bd3 Qg4 19. Rg1 Qxg1+ 20. Nxg1 Rxg1+ 21. Bf1 d6 22. Qa4+ Kf8 23. Qh4 Nb4 24. Rxb4 Rxa2 25. Rb1 c4 26. Qxc4 1-0

[Event "Titled Tuesday intern op 07th Jan Early"]
[Site "Chess.com INT"]
[Date "2025.01.07"]
[Round "11"]
[White "Kuznecova, Marija"]
[Black "Cori Quispe, Kevin Joel"]
[Result "1-0"]
[WhiteElo "2137"]
[BlackElo "2464"]
[PlyCount "133"]
[EventDate "2025.01.07"]
[EventType "swiss (blitz)"]
[EventRounds "11"]
[EventCountry "USA"]
[SourceTitle "CB03_2025"]
[SourceDate "2025.01.15"]
[SourceVersion "1"]
[SourceVersionDate "2025.01.15"]
[SourceQuality "1"]

1. e4 e5 2. Nf3 Nc6 3. d4 exd4 4. Nxd4 Nf6 5. Nxc6 bxc6 6. e5 Qe7 7. Qe2 Nd5 8. c4 Ba6 9. Nd2 g6 10. Ne4 Bg7 11. Bg5 Qxe5 12. Nc5 Bc8 13. cxd5 cxd5 14. Qxe5+ Bxe5 15. 0-0-0 0-0 16. Rxd5 d6 17. Nd3 Bb7 18. Ra5 Bd4 19. Be3 Bb6 20. Bxb6 axb6 21. Rxa8 Rxa8 22. a3 c5 23. f3 Re8 24. Kd2 d5 25. Nf4 d4 26. Bc4 Kf8 27. Re1 Rd8 28. Kd3 Bc6 29. Re5 b5 30. Bd5 Be8 31. b3 Rd6 32. h4 Bd7 33. Be4 Ra6 34. Rxc5 Rxa3 35. Bd5 Ra2 36. Kxd4 h6 37. Rc7 Be8 38. Ke5 g5 39. hxg5 hxg5 40. Nh5 Rxg2 41. Kf6 Rd2 42. Bxf7 Rd6+ 43. Ke5 Rd3 44. Bxe8 Kxe8 45. Nf6+ Kd8 46. Rd7+ Rxd7 47. Nxd7 Kxd7 48. Kf5 Kd6 49. Kxg5 Kc5 50. f4 Kb4 51. f5 Kxb3 52. f6 Ka2 53. f7 b4 54. f8Q b3 55. Qa8+ Kb1 56. Qe4+ Ka2 57. Qa4+ Kb2 58. Kf4 Kc3 59. Qc6+ Kd2 60. Qd5+ Kc3 61. Qc5+ Kd2 62. Qb4+ Kc2 63. Qc4+ Kb2 64. Ke3 Ka1 65. Qa4+ Kb2 66. Kd2 Kb1 67. Qxb3+ 1-0

[Event "Rilton Cup 52nd"]
[Site "Stockholm"]
[Date "2025.01.02"]
[Round "6"]
[White "Arsenie, Cristian Marc"]
[Black "Kuznecova, Marija"]
[Result "1-0"]
[WhiteElo "2194"]
[BlackElo "2137"]
[PlyCount "101"]
[EventDate "2024.12.27"]
[EventType "swiss"]
[EventRounds "9"]
[EventCountry "SWE"]
[SourceTitle "CB02_2025"]
[SourceDate "2025.01.08"]
[SourceVersion "1"]
[SourceVersionDate "2025.01.08"]
[SourceQuality "1"]

1. e4 c5 2. c3 Nf6 3. e5 Nd5 4. Bc4 Nb6 5. Bb3 c4 6. Bc2 Nc6 7. Nf3 d6 8. exd6 e5 9. a4 Bxd6 10. a5 Nd5 11. d3 cxd3 12. Qxd3 Nde7 13. 0-0 Bf5 14. Qe2 Bxc2 15. Qxc2 Nxa5 16. Rd1 Nac6 17. Na3 Qb8 18. Qd3 Bxa3 19. Qd7+ Kf8 20. Rxa3 Qc8 21. b4 Qxd7 22. Rxd7 b6 23. b5 Na5 24. Rxa5 bxa5 25. Ba3 f6 26. Rxe7 Kg8 27. g3 Rc8 28. Nh4 Rxc3 29. Bd6 g6 30. Rxa7 Rb3 31. Rxa5 Kf7 32. Bc7 Ke6 33. b6 Kd7 34. Rd5+ Kc8 35. Rd6 Rf8 36. Kg2 e4 37. Kf1 f5 38. Ng2 g5 39. Rd5 Kb7 40. h4 f4 41. gxf4 gxf4 42. Nxf4 Rf3 43. Rd7 e3 44. Nd3 Re8 45. Bd8+ Kb8 46. Nb4 e2+ 47. Ke1 Rc3 48. Be7 Rc1+ 49. Kxe2 Rc4 50. Kd3 Rxh4 51. Na6+ 1-0

[Event "EU-ch U14 Girls"]
[Site "Prague"]
[Date "2024.08.29"]
[Round "7"]
[White "Vujovic, Vera"]
[Black "Kuznecova, Marija"]
[Result "1-0"]
[WhiteElo "2175"]
[BlackElo "2174"]
[PlyCount "99"]
[EventDate "2024.08.22"]
[EventType "swiss"]
[EventRounds "9"]
[EventCountry "CZE"]
[SourceTitle "CBM 221 Extra"]
[Source "ChessBase"]
[SourceDate "2024.09.30"]
[SourceVersion "1"]
[SourceVersionDate "2024.09.30"]
[SourceQuality "1"]

1. e4 c5 2. Nf3 Nc6 3. d4 cxd4 4. Nxd4 e5 5. Nb5 d6 6. c4 g6 7. N1c3 a6 8. Na3 Bg7 9. Be3 Be6 10. Nc2 Nf6 11. Be2 Rc8 12. Qd2 Na5 13. b3 0-0 14. Rd1 b5 15. cxb5 Qc7 16. Nd5 Bxd5 17. exd5 Ne4 18. b6 Qxc2 19. Qxa5 Nc3 20. Rd2 Qb1+ 21. Bd1 Ne4 22. Re2 Qd3 23. b7 Rb8 24. 0-0 Rxb7 25. Rfe1 f5 26. f3 Nf6 27. Rd2 Qb5 28. Qa3 Nxd5 29. Be2 Qb4 30. Qxb4 Nxb4 31. a3 f4 32. Bf2 e4 33. Bc4+ d5 34. Rxd5 Nxd5 35. Bxd5+ Kh8 36. Bxb7 e3 37. Bh4 Bc3 38. Rb1 Rf7 39. Bxa6 Ra7 40. Be2 Rxa3 41. g3 Ra2 42. Kf1 fxg3 43. hxg3 h6 44. f4 Ra7 45. Kg2 Rd7 46. Kf3 Bd4 47. g4 Rf7 48. Bg3 g5 49. f5 h5 50. gxh5 1-0

[Event "EU-ch U14 Girls"]
[Site "Prague"]
[Date "2024.08.26"]
[Round "5"]
[White "Bernard, Ines"]
[Black "Kuznecova, Marija"]
[Result "0-1"]
[WhiteElo "2005"]
[BlackElo "2174"]
[PlyCount "78"]
[EventDate "2024.08.22"]
[EventType "swiss"]
[EventRounds "9"]
[EventCountry "CZE"]
[SourceTitle "CBM 221 Extra"]
[Source "ChessBase"]
[SourceDate "2024.09.30"]
[SourceVersion "1"]
[SourceVersionDate "2024.09.30"]
[SourceQuality "1"]

1. d4 d5 2. Bf4 Nf6 3. e3 e6 4. Nf3 c5 5. Nbd2 Nc6 6. Bd3 Nh5 7. Bg5 Qb6 8. Rb1 h6 9. Bh4 cxd4 10. Nxd4 Nf4 11. exf4 Qxd4 12. Bg3 Bd6 13. Qf3 0-0 14. 0-0 Nb4 15. Nb3 Qf6 16. Rfd1 Nxd3 17. Rxd3 Bd7 18. Nd4 Rac8 19. Re1 Rfe8 20. Qe3 b5 21. Qd2 b4 22. Qd1 Bxf4 23. Bxf4 Qxf4 24. h3 Qc7 25. Rg3 e5 26. Nb3 d4 27. Qd2 Kh8 28. Qxb4 Qxc2 29. Qd6 Qc6 30. Qb4 Bf5 31. Qa5 Qd6 32. Qxa7 Bg6 33. Qa5 e4 34. Qa4 d3 35. Nd2 f5 36. b3 f4 37. Rg4 e3 38. fxe3 fxe3 39. Nc4 Rxc4 0-1

[Event "EU-ch U14 Girls"]
[Site "Prague"]
[Date "2024.08.25"]
[Round "4"]
[White "Kuznecova, Marija"]
[Black "Bashirli, Saadat"]
[Result "1-0"]
[WhiteElo "2174"]
[BlackElo "1894"]
[PlyCount "159"]
[EventDate "2024.08.22"]
[EventType "swiss"]
[EventRounds "9"]
[EventCountry "CZE"]
[SourceTitle "CBM 221 Extra"]
[Source "ChessBase"]
[SourceDate "2024.09.30"]
[SourceVersion "1"]
[SourceVersionDate "2024.09.30"]
[SourceQuality "1"]

1. e4 c5 2. Nf3 Nc6 3. Nc3 g6 4. d4 cxd4 5. Nxd4 Bg7 6. Be3 Nf6 7. Bc4 0-0 8. Bb3 a5 9. 0-0 Ng4 10. Qxg4 Nxd4 11. Qh4 d6 12. Bg5 Re8 13. Nd5 Bf8 14. Be3 Bg7 15. c3 a4 16. Bc4 Ne6 17. Bb5 Bd7 18. Bxd7 Qxd7 19. Nb6 Qb5 20. Nxa8 Bf6 21. Qg4 Rxa8 22. Rab1 Qc4 23. a3 d5 24. f3 h5 25. Qg3 dxe4 26. fxe4 Qxe4 27. Rbd1 Qc6 28. Qf3 Qb5 29. Rd2 Kg7 30. Rff2 Rc8 31. Rd5 Qc6 32. Rfd2 Rc7 33. Qe4 Nf8 34. Qf4 g5 35. Qf3 e6 36. Ra5 Qxf3 37. gxf3 e5 38. Rxa4 Ng6 39. Kf2 Nh4 40. Ra8 Nf5 41. Bb6 Rc4 42. Bd8 Rf4 43. Bxf6+ Kxf6 44. Ke2 Rh4 45. Kf1 Rf4 46. Rf2 Nh4 47. Ke2 g4 48. fxg4 hxg4 49. Rxf4+ exf4 50. Ra5 Nf5 51. b4 f3+ 52. Kf2 Nd6 53. Rd5 Ne4+ 54. Kf1 Nxc3 55. Rd2 Ke6 56. Rc2 Nd5 57. Kf2 f5 58. b5 Ke5 59. a4 b6 60. Rb2 Kd6 61. Rc2 Nb4 62. Rc3 Kd5 63. Rc8 f4 64. Rg8 Nd3+ 65. Kf1 g3 66. hxg3 fxg3 67. Rxg3 Nb2 68. Rg5+ Kd6 69. Rg4 Kc5 70. Rh4 Nc4 71. Kf2 Nd2 72. Ke3 Nc4+ 73. Kxf3 Kb4 74. a5 Kxb5 75. Rxc4 bxa5 76. Rc8 Kb4 77. Ke3 a4 78. Kd2 Kb3 79. Kc1 Ka2 80. Kc2 1-0

[Event "Riga Tech op-A"]
[Site "Riga"]
[Date "2024.08.07"]
[Round "4"]
[White "Kuznecova, Marija"]
[Black "Eren, Ataberk"]
[Result "0-1"]
[WhiteElo "2174"]
[BlackElo "2393"]
[PlyCount "122"]
[EventDate "2024.08.05"]
[EventType "swiss"]
[EventRounds "9"]
[EventCountry "LAT"]
[SourceTitle "CBM 221 Extra"]
[Source "ChessBase"]
[SourceDate "2024.09.30"]
[SourceVersion "1"]
[SourceVersionDate "2024.09.30"]
[SourceQuality "1"]

1. e4 e6 2. d4 d5 3. Nc3 Nf6 4. e5 Nfd7 5. f4 c5 6. Nf3 Nc6 7. Be3 a6 8. Qd2 b5 9. dxc5 Bxc5 10. Bd3 Qb6 11. Bf2 h6 12. 0-0 Bxf2+ 13. Rxf2 0-0 14. Re1 Nc5 15. a3 Bd7 16. Ne2 a5 17. Ned4 b4 18. Nxc6 Bxc6 19. Nd4 Bd7 20. f5 exf5 21. Nxf5 Bxf5 22. Bxf5 Rad8 23. axb4 axb4 24. Qd4 Rfe8 25. Rfe2 Rb8 26. Kh1 Qc6 27. Rd2 Red8 28. Qg4 Ne6 29. Qf3 Ng5 30. Qg4 Rb6 31. h4 Ne6 32. Re3 Qc7 33. Rde2 Rc6 34. b3 Qe7 35. Rg3 Rc3 36. Bd3 Ra8 37. Rf2 Ra1+ 38. Kh2 Rc7 39. Bf5 Re1 40. Bxe6 fxe6 41. Rf6 Rxe5 42. Rxh6 Rc3 43. Rxc3 bxc3 44. Qg6 Re4 45. Qh7+ Kf7 46. Qg6+ Kg8 47. Qh7+ Kf8 48. Rh5 Qf6 49. Rg5 Qf4+ 50. Rg3 Qxh4+ 51. Qxh4 Rxh4+ 52. Kg1 d4 53. Rg5 d3 54. cxd3 Rc4 55. Rg3 c2 56. bxc4 c1Q+ 57. Kh2 Qf4 58. Kh3 g5 59. Rg4 Qf5 60. d4 Kf7 61. c5 Kg6 0-1

[Event "Titled Tuesday intern op 16th Jul Early"]
[Site "Chess.com INT"]
[Date "2024.07.16"]
[Round "7"]
[White "Looi, Xin Hao"]
[Black "Kuznecova, Marija"]
[Result "0-1"]
[WhiteElo "2064"]
[BlackElo "2116"]
[PlyCount "116"]
[EventDate "2024.07.16"]
[EventType "swiss (blitz)"]
[EventRounds "11"]
[EventCountry "USA"]
[SourceTitle "EXT 2025"]
[Source "ChessBase"]
[SourceDate "2024.10.14"]
[SourceVersion "1"]
[SourceVersionDate "2024.10.14"]
[SourceQuality "1"]

1. e4 c5 2. Nf3 d6 3. d4 cxd4 4. Nxd4 Nf6 5. f3 e5 6. Nb3 d5 7. Bg5 Be6 8. Bxf6 gxf6 9. exd5 Qxd5 10. Qxd5 Bxd5 11. Nc3 Be6 12. 0-0-0 Bh6+ 13. Kb1 Nd7 14. Nb5 0-0 15. Nc7 Rad8 16. Nxe6 fxe6 17. Bc4 Kf7 18. Rd6 Nb6 19. Bxe6+ Ke7 20. Rxd8 Rxd8 21. Bf5 Nc4 22. Bd3 Ne3 23. g3 f5 24. Re1 Kf6 25. a4 Nd5 26. a5 Nb4 27. Be2 Be3 28. c3 Nd5 29. Bc4 f4 30. Bxd5 Rxd5 31. g4 Kg5 32. Kc2 Kh4 33. c4 Rd7 34. Re2 Kh3 35. Nc1 e4 36. fxe4 Bxc1 37. Kxc1 f3 38. Rf2 Kxg4 39. e5 Kf4 40. e6 Re7 41. Kd2 Rxe6 42. b4 Rd6+ 43. Ke1 Ke3 44. Ra2 Rd3 45. b5 Rc3 46. Ra1 Rxc4 47. Ra3+ Kf4 48. Kf2 Rc2+ 49. Kg1 Rb2 50. h4 Kg3 51. Ra1 Rxb5 52. a6 bxa6 53. h5 a5 54. h6 a4 55. Kh1 a3 56. Rg1+ Kh3 57. Rf1 Rb3 58. Rf2 Rb1+ 0-1

[Event "Titled Tuesday intern op 09th Jul Early"]
[Site "Chess.com INT"]
[Date "2024.07.09"]
[Round "7"]
[White "Kuznecova, Marija"]
[Black "Lymar, Vladislav"]
[Result "1-0"]
[WhiteElo "2116"]
[BlackElo "2184"]
[PlyCount "71"]
[EventDate "2024.07.09"]
[EventType "swiss (blitz)"]
[EventRounds "11"]
[EventCountry "USA"]
[SourceTitle "EXT 2025"]
[Source "ChessBase"]
[SourceDate "2024.10.14"]
[SourceVersion "1"]
[SourceVersionDate "2024.10.14"]
[SourceQuality "1"]

1. e4 c5 2. Nf3 a6 3. c4 Nc6 4. d4 cxd4 5. Nxd4 Nf6 6. Nc3 e5 7. Nc2 Bc5 8. Be3 Bxe3 9. Nxe3 d6 10. Bd3 0-0 11. 0-0 Be6 12. Ned5 Bxd5 13. cxd5 Nd4 14. a4 Qb6 15. a5 Qxb2 16. Na4 Qb4 17. Nb6 Rad8 18. Nc4 Nxe4 19. Ra4 Qc5 20. Bxe4 f5 21. Bb1 Qxd5 22. Ba2 Kh8 23. Nb6 Qb5 24. Bc4 Qc5 25. Bd5 f4 26. Qd3 f3 27. gxf3 Rf4 28. Be4 g6 29. Nd5 Rh4 30. Kg2 Rf8 31. Rc4 Qxa5 32. Rc7 Ne6 33. Re7 Ng5 34. Bxg6 hxg6 35. Qxg6 Rg8 36. Qf6+ 1-0

[Event "Titled Tuesday intern op 09th Jul Early"]
[Site "Chess.com INT"]
[Date "2024.07.09"]
[Round "6"]
[White "Kuznecova, Marija"]
[Black "Tikhonov, Viacheslav"]
[Result "1-0"]
[WhiteElo "2116"]
[BlackElo "2160"]
[PlyCount "87"]
[EventDate "2024.07.09"]
[EventType "swiss (blitz)"]
[EventRounds "11"]
[EventCountry "USA"]
[SourceTitle "EXT 2025"]
[Source "ChessBase"]
[SourceDate "2024.10.14"]
[SourceVersion "1"]
[SourceVersionDate "2024.10.14"]
[SourceQuality "1"]

1. e4 c5 2. Nf3 g6 3. d4 cxd4 4. Nxd4 Nc6 5. Nc3 Bg7 6. Be3 Nf6 7. Bc4 Qa5 8. 0-0 0-0 9. h3 d6 10. Nd5 Nxd5 11. exd5 Nxd4 12. Bxd4 Bf5 13. c3 Rac8 14. Bb3 Bxd4 15. Qxd4 Qc5 16. Qh4 Rc7 17. Rfe1 Re8 18. Re3 b5 19. Rae1 f6 20. g4 Bc8 21. g5 f5 22. Qf4 Bb7 23. Rd1 Kf7 24. Qf3 a5 25. a3 a4 26. Ba2 Kg7 27. Qe2 Qb6 28. Re1 e5 29. dxe6 Qc6 30. f3 d5 31. Rd3 Qd6 32. Qe5+ Qxe5 33. Rxe5 Rce7 34. Bxd5 Bxd5 35. Rdxd5 Rxe6 36. Rxe6 Rxe6 37. Rxb5 Re2 38. c4 Rc2 39. Rb4 Kf7 40. Rxa4 Rxb2 41. Ra7+ Kg8 42. c5 Rc2 43. Rc7 Rc4 44. c6 1-0

[Event "Titled Tuesday intern op 25th Jun Early"]
[Site "Chess.com INT"]
[Date "2024.06.25"]
[Round "5"]
[White "Janaszak, Dawid"]
[Black "Kuznecova, Marija"]
[Result "1-0"]
[WhiteElo "2308"]
[BlackElo "2126"]
[PlyCount "59"]
[EventDate "2024.06.25"]
[EventType "swiss (blitz)"]
[EventRounds "11"]
[EventCountry "USA"]
[SourceTitle "EXT 2025"]
[Source "ChessBase"]
[SourceDate "2024.10.14"]
[SourceVersion "1"]
[SourceVersionDate "2024.10.14"]
[SourceQuality "1"]

1. e4 c5 2. Nc3 d6 3. f4 Nc6 4. Nf3 g6 5. Bc4 Bg7 6. 0-0 e6 7. d4 cxd4 8. Nb5 Nge7 9. Bb3 0-0 10. Nbxd4 Bd7 11. c3 a6 12. Kh1 Rc8 13. Qe1 Na5 14. Bc2 Nec6 15. Nxc6 Bxc6 16. f5 exf5 17. exf5 Bd7 18. Bg5 f6 19. Bf4 Bb5 20. fxg6 Bxf1 21. gxh7+ Kh8 22. Nh4 f5 23. Ng6+ Kxh7 24. Nxf8+ Qxf8 25. Qxf1 Nc4 26. Qd3 Rc5 27. Re1 Nxb2 28. Qh3+ Kg8 29. Qh5 Rxc3 30. Bxf5 1-0

[Event "Titled Tuesday intern op 11th Jun Early"]
[Site "Chess.com INT"]
[Date "2024.06.11"]
[Round "2"]
[White "Kuznecova, Marija"]
[Black "Piesik, Piotr"]
[Result "0-1"]
[WhiteElo "2126"]
[BlackElo "2415"]
[PlyCount "112"]
[EventDate "2024.06.11"]
[EventType "swiss (blitz)"]
[EventRounds "11"]
[EventCountry "USA"]
[SourceTitle "EXT 2025"]
[Source "ChessBase"]
[SourceDate "2024.10.14"]
[SourceVersion "1"]
[SourceVersionDate "2024.10.14"]
[SourceQuality "1"]

1. e4 g6 2. d4 Bg7 3. Nc3 c6 4. f4 d5 5. e5 Nh6 6. Nf3 Bg4 7. Be2 Nf5 8. h3 Bxf3 9. Bxf3 Ng3 10. Rg1 h5 11. Be3 h4 12. Qd2 Nf5 13. Bf2 e6 14. 0-0-0 Nd7 15. Bg4 b5 16. Bxf5 gxf5 17. g4 hxg3 18. Rxg3 Bf8 19. Rdg1 Qa5 20. Kb1 0-0-0 21. Be1 Qc7 22. Ne2 Nb6 23. R1g2 Kb7 24. Ng1 Nc4 25. Qc1 Ra8 26. b3 Na3+ 27. Kb2 a5 28. Nf3 b4 29. c4 bxc3+ 30. Qxc3 Nb5 31. Qd3 a4 32. b4 a3+ 33. Kc2 Bh6 34. Bd2 Qb6 35. h4 Bf8 36. Kd1 Qa6 37. Ke2 Qa4 38. Ng5 Bxb4 39. Nxf7 Rxh4 40. Rg7 Kb6 41. Ng5 Bxd2 42. Qxd2 Nxd4+ 43. Kf2 Rah8 44. Qc3 Rxf4+ 45. Ke3 Nb5 46. Qd3 Re4+ 47. Nxe4 fxe4 48. Qd2 Rh3+ 49. R2g3 Rxg3+ 50. Rxg3 Qc4 51. Rg6 Nc3 52. Rxe6 Nxa2 53. Rd6 Nb4 54. Kf4 a2 55. Rd8 a1Q 56. Rb8+ Kc7 0-1

[Event "Titled Tuesday intern op 04th Jun Early"]
[Site "Chess.com INT"]
[Date "2024.06.04"]
[Round "5"]
[White "Simonovic, Miroslav"]
[Black "Kuznecova, Marija"]
[Result "1-0"]
[WhiteElo "2085"]
[BlackElo "2126"]
[PlyCount "91"]
[EventDate "2024.06.04"]
[EventType "swiss (blitz)"]
[EventRounds "11"]
[EventCountry "USA"]
[SourceTitle "EXT 2025"]
[Source "ChessBase"]
[SourceDate "2024.10.14"]
[SourceVersion "1"]
[SourceVersionDate "2024.10.14"]
[SourceQuality "1"]

1. d4 Nf6 2. Bg5 Ne4 3. h4 h6 4. Bf4 d5 5. Nd2 Bf5 6. Nxe4 dxe4 7. f3 c6 8. g4 Bh7 9. Bg2 exf3 10. Nxf3 e6 11. Qd2 Bd6 12. 0-0-0 Na6 13. a3 Qe7 14. Bxd6 Qxd6 15. Ne5 f6 16. Nc4 Qe7 17. Qa5 0-0 18. Bxc6 bxc6 19. Qxa6 Rab8 20. b3 Rfc8 21. Rhg1 e5 22. dxe5 fxe5 23. g5 hxg5 24. Rxg5 e4 25. Rdg1 g6 26. h5 Qf6 27. Rxg6+ Bxg6 28. Rxg6+ Kf7 29. Qxa7+ Ke6 30. Rxf6+ Kxf6 31. Qd4+ Kg5 32. Qe5+ Kh6 33. Nd6 Rf8 34. Nxe4 Rg8 35. Qf6+ Kxh5 36. Qxc6 Rbc8 37. Nf6+ Kg6 38. Qe6 Rgd8 39. Nd5+ Kg7 40. e4 Ra8 41. a4 Ra5 42. Kb2 Rf8 43. Qe7+ Rf7 44. Qg5+ Kf8 45. Qd8+ Kg7 46. Qxa5 1-0

[Event "Titled Tuesday intern op 07th May Early"]
[Site "Chess.com INT"]
[Date "2024.05.07"]
[Round "4"]
[White "Kuznecova, Marija"]
[Black "Kazmin, Semen"]
[Result "0-1"]
[WhiteElo "2085"]
[BlackElo "2180"]
[PlyCount "98"]
[EventDate "2024.05.07"]
[EventType "swiss (blitz)"]
[EventRounds "11"]
[EventCountry "USA"]
[SourceTitle "EXT 2025"]
[Source "ChessBase"]
[SourceDate "2024.10.14"]
[SourceVersion "1"]
[SourceVersionDate "2024.10.14"]
[SourceQuality "1"]

1. e4 e5 2. Nf3 Nc6 3. d4 exd4 4. Nxd4 Bc5 5. Nb3 Bb6 6. Nc3 Nf6 7. Qe2 0-0 8. Bg5 h6 9. Bh4 Re8 10. 0-0-0 a5 11. a4 d6 12. f3 Be6 13. g4 Bxb3 14. cxb3 Bd4 15. Qc4 Be5 16. Nd5 g5 17. Bf2 Nxd5 18. exd5 Nb4 19. h4 Qf6 20. hxg5 hxg5 21. Bd3 Bxb2+ 22. Kb1 c5 23. dxc6 bxc6 24. Bg3 Be5 25. Bh7+ Kf8 26. Be1 Rab8 27. Bf5 Nd5 28. Bd2 Bc3 29. Bc1 Ne3 30. Bxe3 Rxe3 31. Rh7 Rb4 32. Qxc6 Rxb3+ 33. Kc2 Rb2+ 34. Kc1 Rb8 35. Qxd6+ Qxd6 36. Rxd6 Bb2+ 37. Kd2 Re7 38. Be4 Be5 39. Rd5 Bf4+ 40. Kd3 Rb3+ 41. Kc2 Reb7 42. Rd8+ Ke7 43. Rdh8 Rb2+ 44. Kd3 R7b3+ 45. Kc4 Rb4+ 46. Kc5 Be3+ 47. Kd5 Rd4+ 48. Kc6 Rc4+ 49. Kd5 Rc5# 0-1